书目信息 |
| 题名: |
环境影响评价管理手册
|
|
| 作者: | ;生态环境部 编 | |
| 分册: | ||
| 出版信息: | 北京 中国环境出版社 2018.08 |
|
| 页数: | 711页 | |
| 开本: | 26cm | |
| 丛书名: | ||
| 单 册: | ||
| 中图分类: | X820.3-62 | |
| 科图分类: | ||
| 主题词: | 环境影响--huan jing ying xiang--评价--中国--手册 | |
| 电子资源: | ||
| ISBN: | 978-7-5111-3637-4 | |
| 000 | 00921nam0 2200229 450 | |
| 001 | 0100010532 | |
| 005 | 20190905093951.0 | |
| 010 | @a978-7-5111-3637-4@dCNY98.00 | |
| 100 | @a20190903d2018 em y0chiy50 ea | |
| 101 | 0 | @achi |
| 102 | @aCN@b110000 | |
| 105 | @ak z 000yy | |
| 106 | @ar | |
| 200 | 1 | @a环境影响评价管理手册@Ahuan jing ying xiang ping jia guan li shou ce@e2018版@f生态环境部环境影响评价司编 |
| 210 | @a北京@c中国环境出版社@d2018.08 | |
| 215 | @a711页@d26cm | |
| 330 | @a本书为环境保护部环境影响评价司主编的环境影响评价相关法律法规及文件汇编, 主要内容包括环境影响评价相关法律、行政法规、国务院规范性文件、相关部门规章与规范性文件。 | |
| 606 | 0 | @a环境影响@Ahuan jing ying xiang@x评价@y中国@j手册 |
| 690 | @aX820.3-62@v5 | |
| 711 | 02 | @a生态环境部@Asheng tai huan jing bu@b环境影响评价司@Bhuan jing ying xiang ping jia si@4编 |
| 801 | 0 | @aCN@c20190905 |
| 905 | @a河南城建学院图书馆@dX820.3-62@eS468 | |
| 环境影响评价管理手册:2018版/生态环境部环境影响评价司编.-北京:中国环境出版社,2018.08 |
| 711页;26cm |
| ISBN 978-7-5111-3637-4:CNY98.00 |
| 本书为环境保护部环境影响评价司主编的环境影响评价相关法律法规及文件汇编, 主要内容包括环境影响评价相关法律、行政法规、国务院规范性文件、相关部门规章与规范性文件。 |
| ● |
| 相关链接 |
|
|
|
正题名:环境影响评价管理手册
索取号:X820.3-62/S468
 
预约/预借
| 序号 | 登录号 | 条形码 | 馆藏地/架位号 | 状态 | 备注 |
| 1 | 1438367 | 214383674 | 自科库501/501自科库 113排2列5层/ [索取号:X820.3-62/S468] | 在馆 | |
| 2 | 1438368 | 214383683 | 自科二线504/504自科库 10排2列1层/ [索取号:X820.3-62/S468] | 在馆 |